000 00516nam a2200181Ia 4500
008 090124s9999 xx 000 0 und d
082 _b28539
100 _aजोग ब. ना.
245 _a टिपू सुलतान
250 _a1
260 _bआदित्य प्रकाशन
_c1990
300 _a147
600 _aजोग ब. ना.
630 _a टिपू सुलतान
700 _aजोग ब. ना.
730 _a टिपू सुलतान
942 _cBOOK
999 _c94671
_d94671